Score 0/25 Timer 06:00
2 Plays Today
Column Hawaiian shirt wearer % Correct
Column 4Elvis Presley
94.7%
Column 2Woody
92.3%
Column 2Jim Carrey/Ace Ventura
91.3%
Column 5Adam Sandler/Henry Roth
88.8%
Column 4Kool-Aid Man
81.3%
Column 2Tom Cruise/Brian Flanagan
80.4%
Column 1Nicolas Cage/H.I. McDunnough
77.6%
Column 3Michael Richards/Kramer
76.4%
Column 3Peter Griffin
72.1%
Column 5John Candy/Spike Nolan
72%
Column 5Matt Damon//Mark Whitacre
71.7%
Column 2Dale
70.9%
Column 1Tom Selleck/Magnum
69.6%
Column Hawaiian shirt wearer % Correct
Column 3'Weird Al' Yankovic
68.6%
Column 2Rango
64.4%
Column 4Nick Nolte
58.2%
Column 5Sean Penn/Jeff Spicoli
56.7%
Column 5Jimmy Buffett
47.7%
Column 4Al Pacino/Tony Montana
36.2%
Column 1Brian Wilson
31.9%
Column 1Jeff Cohen/Chunk
30%
Column 3President Harry S. Truman
29.1%
Column 4Elliott Gould/Trapper John McIntyre
20.2%
Column 1Montgomery Clift/Robert E. Lee Prewitt
9.3%
Column 3Linda Hunt/Billy Kwan
8.1%
Remove Ads.
Support Sporcle.
Get the best of Sporcle when you Go Orange. This ad-free experience offers more features, more stats, and more fun while also helping to support Sporcle. Thank you for becoming a member.

You're not logged in!

Compare scores with friends on all Sporcle quizzes.
OR
Log In

Sporcle TV

Today on Sporcle TV


Watch our educational content, quiz creation guides, and fun videos on Sporcle TV.

Show Comments

Extras

Top Quizzes Today


Score Distribution

Paid Content

Your Account Isn't Verified!

In order to create a playlist on Sporcle, you need to verify the email address you used during registration. Go to your Sporcle Settings to finish the process.

Report this User

Report this user for behavior that violates our Community Guidelines.

Details: